| 000 | 00912cam a22003015a 4500 | ||
|---|---|---|---|
| 001 | 17902838 | ||
| 005 | 20201128023843.0 | ||
| 008 | 130930t2015 enka frbd 001 0 eng d | ||
| 010 | _a 2013038820 | ||
| 020 | _a9781292059853 (alk. paper) | ||
| 020 | _a1292059850 (alk. paper) | ||
| 040 |
_aDLC _beng _cDLC _dDLC _dEG-ScBUE |
||
| 082 | 0 | 4 |
_a150 _bCIC _222 |
| 100 | 1 |
_aCiccarelli, Saundra K. _941415 |
|
| 245 | 1 | 0 |
_aPsychology / _cSaundra K. Ciccarelli, J. Noland White. |
| 250 | _a4th ed., Global ed. | ||
| 260 |
_aHarlow : _bPearson Education, _cc.2015. |
||
| 300 |
_a784 p. : _bill. (col.) ; _c29 cm. |
||
| 500 | _aIncludes index. | ||
| 500 | _aIncludes glossary. | ||
| 504 | _aIncludes bibliographical references. | ||
| 650 | 7 |
_aPsychology. _2BUEsh _9890 |
|
| 651 | _2BUEsh | ||
| 653 |
_bHHUUPPSS _cOctober2016 |
||
| 655 |
_vText book _933728 |
||
| 700 | 1 |
_aWhite, J. Noland. _941416 |
|
| 942 | _2ddc | ||
| 999 |
_c22498 _d22470 |
||